000
00302nam a22001217a 4500
040
_c
HS
082
_a
333
100
_a
បូរ៉ា កាធី
245
_a
គ្រប់គ្រងកសិដ្ឋាន
260
_a
RUA
_b
បូរ៉ា កាធី
_c
2002
300
_a
122p;
942
_c
KB
999
_c
9715
_d
9715